<?xml version="1.0" encoding="UTF-8"?>
<marc:record xmlns:marc="http://www.loc.gov/MARC21/slim">
   <marc:leader>00000nam a2200000 a 4500</marc:leader>
   <marc:datafield ind1="0" ind2="0" tag="245">
      <marc:subfield code="a">Der schwarze Pirat</marc:subfield>
   </marc:datafield>
   <marc:datafield ind1=" " ind2="1" tag="264">
      <marc:subfield code="a">Bad Rodach</marc:subfield>
      <marc:subfield code="b">Haba. Habermaaß GmbH</marc:subfield>
   </marc:datafield>
   <marc:datafield ind1="1" ind2=" " tag="520">
      <marc:subfield code="a">Ein alter Seefahrertraum - und natürlich auch ein Kindertraum: Übers Meer segeln, in der Bucht einer unbekannten exotischen Insel landen und dort Schätze finden. Die tolle Gestaltung des Piratenspiels durch einen Spieleerfinder mit Kunststudium und seine Ausstattung mit außergewöhnlichen Spielgerätschaften vermag sogar bei mitspielenden "erwachsenen Seeleuten" den animierenden Rahmen für solche Illusionen zu schaffen. Die Jury Kinderspiel des Jahres ist sich sicher, dass die für die erfolgreiche Umsetzung der Spielidee erforderliche Mischung aus Geschicklichkeit, Taktik und einer hilfreichen Portion Würfelglück wohl ausgewogen und sehr kindgerecht ist.</marc:subfield>
   </marc:datafield>
   <marc:datafield ind1=" " ind2=" " tag="020">
      <marc:subfield code="a">B000FWGUW0</marc:subfield>
      <marc:subfield code="9">B000FWGUW0</marc:subfield>
   </marc:datafield>
   <marc:datafield ind1="3" ind2=" " tag="024">
      <marc:subfield code="a">3123456019215</marc:subfield>
   </marc:datafield>
   <marc:datafield ind1=" " ind2=" " tag="500">
      <marc:subfield code="a">1 Spielanleitung, 4teiliger Spielplan, 1 Blasebalg, 1 schwarzes Piratenschiff, 4 farbige Schiffe, 36 Goldmünzen, 1 weißer Fahnen-, 1 naturfarbener Windwürfel, 4 farbige Säckchen</marc:subfield>
   </marc:datafield>
   <marc:datafield ind1="0" ind2=" " tag="490">
      <marc:subfield code="v">0</marc:subfield>
   </marc:datafield>
</marc:record>
